000 00815nam a2200193Ia 4500
005 20260114155034.0
008 008 250103s9999 xx 000 0 hin d
037 _aTheses
040 _aCRL
_bhin
_cCRL
041 _ahin
_2hin
084 _qCRL
100 _aगुप्ता, ऐलिस, ले.
_9870280
245 0 _aउत्तर प्रदेश के विश्वविद्यालयों में संगीत की स्थिति: एक समालोचनात्मक अध्ययन
260 _aDelhi
_bदिल्ली विश्वविद्यालय. कला संकाय. हिन्दी विभाग
_c2024
300 _a327पृ.
650 _aसंगीत शास्त्र
_9870281
942 _cTH
999 _c1469815
_d1469815